000 00577nam a2200169 a 4500
008 120416s1981 ||||||||||||||||| || u
020 _a0205069983
050 _aHF 5351 Int
245 1 0 _aIntroduction to Canadian business
246 _aBrian E. Owen [and others]
260 _aToronto
_bAllyn & Bacon
_c1981
300 _axvi, 576p. : ill.
350 _a0.00
650 0 _aBUSINESS
650 _aCOMMERCE - CANADA
995 _D0.00
_FCBU-MAIN LIBRARY (Kitwe)
_H1
_I9.50
_M1
_UAVAILABLE
_ZMain Library Open Access Collection
999 _c47645
_d47645